Central Library OPAC University of Rajshahi

Limitation of liabilities in international air law / (Record no. 3614)

MARC details
000 -LEADER
fixed length control field 00937cam a22002771 4500
001 - CONTROL NUMBER
control field 3614
003 - CONTROL NUMBER IDENTIFIER
rucl marc code BD-RjUL
005 - DATE AND TIME OF LATEST TRANSACTION
control field 20211208233747.0
008 - FIXED-LENGTH DATA ELEMENTS--GENERAL INFORMATION
fixed length control field 131219s1954 xx 001 0 eng
035 ## - SYSTEM CONTROL NUMBER
System control number (BD-RjUL)3648
System control number (OCoLC)1594352
040 ## - CATALOGING SOURCE
Original cataloging agency DLC
Transcribing agency FU-L
Modifying agency BD-RjUL
Language of cataloging eng
041 ## - LANGUAGE CODE
Language code of text/sound track or separate title eng
082 04 - DEWEY DECIMAL CLASSIFICATION NUMBER
Classification number 341.57
Author mark and year DRL
100 1# - MAIN ENTRY--PERSONAL NAME
Personal name Drion, Huibert
9 (RLIN) 11447
245 10 - TITLE STATEMENT
Title Limitation of liabilities in international air law /
Statement of responsibility, etc. H. Drion
260 ## - PUBLICATION, DISTRIBUTION, ETC. (IMPRINT)
Place of publication, distribution, etc. The Hague :
Name of publisher, distributor, etc. Nijhoff,
Date of publication, distribution, etc. c1954.
300 ## - PHYSICAL DESCRIPTION
Pagination xxvii, 389 p. ;
Size 24cm.
500 ## - GENERAL NOTE
General note "Deal[s] with the problems arising in connection with limitation of liability under the Warsaw Convention of 1929 and under the two Rome Conventions of 1933 and 1952 on surface damage."
504 ## - BIBLIOGRAPHY, ETC. NOTE
Bibliography, etc Include index.
650 #0 - SUBJECT ADDED ENTRY--TOPICAL TERM
Topical term or geographic name as entry element Liability for aircraft accidents.
9 (RLIN) 11448
Topical term or geographic name as entry element Limited liability.
9 (RLIN) 11449
942 ## - ADDED ENTRY ELEMENTS (KOHA)
Source of classification or shelving scheme Dewey Decimal Classification
Koha item type Books
Holdings
Lost status Source of classification or shelving scheme Damaged status Not for loan Collection code Permanent Location Current Location Shelving location Date acquired Source of acquisition Cost, normal purchase price Total Checkouts Full call number Date last seen Copy number Koha item type
  Dewey Decimal Classification   Not For Loan Non-fiction Central Library, University of Rajshahi Central Library, University of Rajshahi Reading Room 27/08/2068 Zeitlinger 57.00   341.57 DRL 1954 19/12/2013 C-1 Books